| 000 | 01554nam a2200361Ia 4500 | ||
|---|---|---|---|
| 001 | ebr10300920 | ||
| 003 | CaPaEBR | ||
| 006 | m u | ||
| 007 | cr cn||||||||| | ||
| 008 | 080521s2009 enka s 001 0 eng d | ||
| 010 | _z 2008022218 | ||
| 020 | _z9781405174008 (pbk. : alk. paper) | ||
| 020 | _z1405174005 (pbk. : alk. paper) | ||
| 040 |
_aCaPaEBR _cCaPaEBR |
||
| 035 | _a(OCoLC)320964449 | ||
| 050 | 1 | 4 |
_aRJ48 _b.P277 2009eb |
| 245 | 0 | 0 |
_aPaediatric handbook _h[electronic resource]. |
| 250 |
_a8th ed. / _bedited by Kate Thomson, Dean Tey, Michael Marks. |
||
| 260 |
_aChichester, UK ; _aHoboken, NJ : _bWiley-Blackwell, _cc2009. |
||
| 300 |
_axv, 640 p. : _bill. |
||
| 500 | _aRev. ed. of: Paediatric handbook. 7th ed. / [by the staff of the Royal Children's Hospital, Melbourne, Australia] ; editors, Georgia Paxton, Jane Munro ; associate editor, Michael Marks . c2003. | ||
| 500 | _aIncludes index. | ||
| 533 |
_aElectronic reproduction. _bPalo Alto, Calif. : _cebrary, _d2009. _nAvailable via World Wide Web. _nAccess may be limited to ebrary affiliated libraries. |
||
| 650 | 0 |
_aPediatrics _vHandbooks, manuals, etc. |
|
| 650 | 0 |
_aChildren _xDiseases _vHandbooks, manuals, etc. |
|
| 655 | 7 |
_aElectronic books. _2local |
|
| 700 | 1 |
_aThomson, Kate, _cDr. |
|
| 700 | 1 | _aTey, Dean. | |
| 700 | 1 |
_aMarks, Michael, _cDr. |
|
| 710 | 2 | _aRoyal Children's Hospital. | |
| 710 | 2 | _aebrary, Inc. | |
| 856 | 4 | 0 |
_uhttp://site.ebrary.com/lib/rucke/Doc?id=10300920 _zAn electronic book accessible through the World Wide Web; click to view |
| 999 |
_c66498 _d66498 |
||